| 000 | 00595cam a22001457a 4500 | ||
|---|---|---|---|
| 008 | 180718b1966 xxu||||| |||| 00| 0 eng d | ||
| 082 | _aZ000x54 N213 | ||
| 245 |
_aStrategy for agricultural planning: selection of crops and areas for self-reliance _cby National Council of Applied Economic Research |
||
| 260 |
_aNew Delhi _bNational Council of Applied Economic Research _c1966 |
||
| 300 | _a103p. | ||
| 440 | _aOccasional paper; 19 | ||
| 650 | _aAgriculture --Economic aspects --India | ||
| 650 | _aAgriculture and state --India | ||
| 700 | _aIndia. National Council of Applied Economic Research | ||
| 999 |
_c375396 _d375396 |
||